000 00403nam a22001697a 4500
003 MPLRDC
005 20220104114534.0
008 210129b ||||| |||| 00| 0 eng d
082 _a782.8516 LSS-2 c.2
100 _a冯明之
245 _a李师师
_c
250 _a一版一刷
260 _a
_b花城出版社
_c1985
300 _b
650 _a李师师传记
942 _cBK
_o782.8516 LSS-2 c.2
999 _c8257
_d8247